|
|
|
|
| LEADER |
00000nab a2200000 a 4500 |
| 001 |
vtls010732820 |
| 003 |
SK-MaSNL |
| 005 |
20260304194018.0 |
| 008 |
250709s2001 xo |||||||||||||||||slo| |
| 035 |
|
|
|a (urnnbn)urn:nbn:sk:snk:ar-a05c37
|
| 035 |
|
|
|a (uuid)d2d2ffd0-8049-4c03-aa39-4495e5736d2b
|
| 035 |
|
|
|a urn:nbn:sk:snk-ab3v1u
|
| 040 |
|
|
|a SNKBUCL
|b slo
|c SNKBUCL
|e AACR2
|
| 041 |
0 |
|
|a slo
|
| 044 |
|
|
|a xo
|c SK
|
| 100 |
1 |
|
|a Orviský, Peter
|4 aut
|9 18820
|
| 245 |
1 |
0 |
|a AMD Athlon 4 :
|b OBRANA Čl ÚTOK?
|c Peter Orviský
|
| 773 |
0 |
|
|t PC revue : sprievodca digitálnym svetom
|g Roč. 9, č. 7 (2001), s. 14
|
| 850 |
|
|
|a Slovenská národná knižnica
|
| 852 |
|
|
|a Slovenská národná knižnica
|
| 954 |
|
|
|a odborná, vedecká literatúra pôvodná (slovenská)
|2 lita
|
| 958 |
|
|
|a article1
|
| 958 |
|
|
|a OND
|
| 958 |
|
|
|a EUIPO
|
| 999 |
|
|
|c 3071221
|d 3073151
|